Spell the Marvel Character #363 - Statistics

General Stats
  • This quiz has been taken 10 times
  • The average score is 10 of 12
Answer Stats
Picture Answer % Correct
Agent Venom
100%
Gamora
100%
Nightcrawler
100%
Red She-Hulk
100%
Ikaris
90%
Lockjaw
90%
Arana
80%
Outlaw
80%
Red Wolf
80%
Arizona Girl
70%
Zabu
70%
Iso
50%
No matching quizzes found
Score Distribution
Percent of People with Each Score
Percentile by Number Answered
Your Score History
You have not taken this quiz